[Event "South Wales op 16th"]
[Site "Cardiff"]
[Date "2019.07.09"]
[Round "4"]
[White "Rudd, Jack"]
[Black "Davis, Lee"]
[Result "1-0"]
[WhiteElo "2275"]
[BlackElo "1937"]
[PlyCount "135"]
[EventDate "2019.07.07"]
[EventType "swiss"]
[EventRounds "9"]
[EventCountry "WLS"]
[SourceTitle "CBM 191 Extra"]
[Source "ChessBase"]
[SourceDate "2019.09.30"]
[SourceVersion "1"]
[SourceVersionDate "2019.09.30"]
[SourceQuality "1"]

1. d4 Nf6 2. c4 e6 3. Nc3 Bb4 4. e3 b6 5. Nge2 0-0 6. a3 Be7 7. e4 d6 8. f4 Bb7 9. Ng3 c5 10. d5 exd5 11. cxd5 Re8 12. Bd3 Bf8 13. 0-0 Na6 14. e5 dxe5 15. fxe5 Rxe5 16. Bf4 Rxd5 17. Nxd5 Qxd5 18. Qc2 c4 19. Bxc4 Qd4+ 20. Kh1 Rc8 21. b3 b5 22. Rae1 bxc4 23. Be5 Qd5 24. Bxf6 cxb3 25. Qf2 Rc2 26. Re2 Rxe2 27. Qxe2 gxf6 28. Nh5 Qxg2+ 29. Qxg2+ Bxg2+ 30. Kxg2 b2 31. Nxf6+ Kg7 32. Ne4 Bxa3 33. Nd2 Bb4 34. Nc4 Bc3 35. Rb1 Nc5 36. Nxb2 a5 37. Nc4 a4 38. Rb5 Nb3 39. Rb6 Na5 40. Nd6 f6 41. Ne4 Be5 42. Ra6 Nb3 43. Rxa4 Nd4 44. Nc5 Nf5 45. Ra7+ Kg6 46. Ne6 Bd6 47. h3 Nh4+ 48. Kf2 Nf5 49. Kf3 Ne7 50. Rd7 Nf5 51. Ke4 Ba3 52. Nf4+ Kg5 53. Rxh7 Ng3+ 54. Kf3 Bd6 55. Rg7+ Kf5 56. Ng2 Nf1 57. Nh4+ Ke6 58. Rg2 Bc5 59. Re2+ Kf7 60. Nf5 Bb4 61. h4 Nd2+ 62. Kf4 Nc4 63. h5 Ne5 64. h6 Ba3 65. h7 Ng6+ 66. Ke4 Bf8 67. Rg2 Bg7 68. Nxg7 1-0

[Event "South Wales op 16th"]
[Site "Cardiff"]
[Date "2019.07.08"]
[Round "3"]
[White "Davis, Lee"]
[Black "Toczek, Grzegorz"]
[Result "1/2-1/2"]
[WhiteElo "1937"]
[BlackElo "2249"]
[PlyCount "93"]
[EventDate "2019.07.07"]
[EventType "swiss"]
[EventRounds "9"]
[EventCountry "WLS"]
[SourceTitle "CBM 191 Extra"]
[Source "ChessBase"]
[SourceDate "2019.09.30"]
[SourceVersion "1"]
[SourceVersionDate "2019.09.30"]
[SourceQuality "1"]

1. d4 c5 2. d5 Nf6 3. c4 e6 4. Nc3 exd5 5. cxd5 d6 6. e4 g6 7. h3 Bg7 8. Bd3 0-0 9. Nf3 Re8 10. 0-0 c4 11. Bc2 b5 12. Nxb5 Nxe4 13. Bxe4 Rxe4 14. Nc3 Re8 15. Nd4 Bb7 16. Be3 Qd7 17. Rc1 Na6 18. b3 Rac8 19. Qd2 Nb4 20. Nde2 Ba6 21. Rfd1 Nd3 22. Rc2 cxb3 23. axb3 Qb7 24. Ra2 Nb4 25. Ra4 Bxe2 26. Nxe2 Nc2 27. Rxa7 Qxb3 28. Nd4 Nxd4 29. Bxd4 Bh6 30. Ra3 Qc2 31. Qxc2 Rxc2 32. Rda1 Bg7 33. Ra8 Rcc8 34. Rxc8 Rxc8 35. Bxg7 Kxg7 36. Ra6 Rd8 37. f4 Kf6 38. g4 h6 39. Kf2 Rd7 40. Kf3 g5 41. Rb6 Ke7 42. Ke4 Kf6 43. Kf3 Kg6 44. Ra6 Kf6 45. Rb6 Ke7 46. Ke4 Kf6 47. Kf3 1/2-1/2

[Event "WLS-ch 65th"]
[Site "Cardiff"]
[Date "2019.04.22"]
[Round "7"]
[White "Davis, Lee"]
[Black "Van Kemenade, Rudy"]
[Result "1/2-1/2"]
[WhiteElo "1922"]
[BlackElo "1925"]
[PlyCount "56"]
[EventDate "2019.04.19"]
[EventType "swiss"]
[EventRounds "7"]
[EventCountry "WLS"]
[SourceTitle "CBM 189 Extra"]
[Source "ChessBase"]
[SourceDate "2019.06.03"]
[SourceVersion "1"]
[SourceVersionDate "2019.06.03"]
[SourceQuality "1"]

1. d4 Nf6 2. g3 g6 3. Bg2 Bg7 4. Nf3 d6 5. 0-0 0-0 6. c4 Nc6 7. Nc3 e5 8. d5 Nb8 9. Ne1 a5 10. Nd3 Na6 11. a3 Nd7 12. e4 f5 13. b4 b6 14. Rb1 axb4 15. axb4 f4 16. f3 g5 17. Ra1 Rb8 18. Bh3 Nf6 19. Bxc8 Qxc8 20. g4 Ra8 21. Bd2 h5 22. h3 Qb7 23. b5 Nc5 24. Nxc5 dxc5 25. Qc2 Rxa1 26. Rxa1 hxg4 27. hxg4 Ne8 28. Ne2 Nd6 1/2-1/2